A course on group theory / (Record no. 7134)
[ view plain ]
| 000 -LEADER | |
|---|---|
| fixed length control field | 00760cam a2200265 i 4500 |
| 001 - CONTROL NUMBER | |
| control field | 7134 |
| 003 - CONTROL NUMBER IDENTIFIER | |
| rucl marc code | BD-RjUL |
| 005 - DATE AND TIME OF LATEST TRANSACTION | |
| control field | 20211208234353.0 |
| 008 - FIXED-LENGTH DATA ELEMENTS--GENERAL INFORMATION | |
| fixed length control field | 130114s1978 enka b 001 0 eng |
| 020 ## - INTERNATIONAL STANDARD BOOK NUMBER | |
| International Standard Book Number | 0521214092 : |
| -- | 0521291429 |
| 035 ## - SYSTEM CONTROL NUMBER | |
| System control number | (BD-RjUL)7176 |
| 040 ## - CATALOGING SOURCE | |
| Original cataloging agency | DLC |
| Transcribing agency | DLC |
| Modifying agency | DLC |
| -- | BD-RjUL |
| Language of cataloging | eng |
| 041 ## - LANGUAGE CODE | |
| Language code of text/sound track or separate title | eng |
| 082 00 - DEWEY DECIMAL CLASSIFICATION NUMBER | |
| Classification number | 512.22 |
| Edition number | 19 |
| Author mark and year | ROC 1978 |
| 100 1# - MAIN ENTRY--PERSONAL NAME | |
| Personal name | Rose, John S., |
| Dates associated with a name | 1938- |
| 9 (RLIN) | 22323 |
| 245 12 - TITLE STATEMENT | |
| Title | A course on group theory / |
| Statement of responsibility, etc. | John S. Rose. |
| 260 ## - PUBLICATION, DISTRIBUTION, ETC. (IMPRINT) | |
| Place of publication, distribution, etc. | Cambridge ; |
| -- | New York : |
| Name of publisher, distributor, etc. | Cambridge University Press, |
| Date of publication, distribution, etc. | 1978. |
| 300 ## - PHYSICAL DESCRIPTION | |
| Pagination | ix, 310 p. : |
| Illustrations | ill. ; |
| Size | 24 cm. |
| 500 ## - GENERAL NOTE | |
| General note | Includes indexes. |
| 504 ## - BIBLIOGRAPHY, ETC. NOTE | |
| Bibliography, etc | Bibliography: p. 295-300. |
| 650 #0 - SUBJECT ADDED ENTRY--TOPICAL TERM | |
| Topical term or geographic name as entry element | Group theory. |
| 9 (RLIN) | 20343 |
| 942 ## - ADDED ENTRY ELEMENTS (KOHA) | |
| Source of classification or shelving scheme | Dewey Decimal Classification |
| Koha item type | Books |
| Lost status | Source of classification or shelving scheme | Damaged status | Not for loan | Permanent Location | Current Location | Shelving location | Date acquired | Source of acquisition | Cost, normal purchase price | Total Checkouts | Full call number | Date last seen | Copy number | Koha item type | Collection code |
|---|---|---|---|---|---|---|---|---|---|---|---|---|---|---|---|
| Dewey Decimal Classification | Central Library, University of Rajshahi | Central Library, University of Rajshahi | 26/06/1988 | Manik bro. | 11.95 | 512.22 ROC 1978 | 13/01/2014 | C-2 | Books | ||||||
| Dewey Decimal Classification | Central Library, University of Rajshahi | Central Library, University of Rajshahi | 26/06/1988 | Manik bro. | 11.95 | 512.22 ROC 1985 | 13/01/2014 | C-3 | Books | ||||||
| Dewey Decimal Classification | Not For Loan | Central Library, University of Rajshahi | Central Library, University of Rajshahi | Reading Room | 26/06/1988 | Manik Bro. | 11.95 | 512.22 ROC 1985 | 12/04/2017 | C-1 | Books | Non-fiction |